| 000 | 00000nam 2200000zi 4500 |
| 001 | 9.900937 |
| 003 | CaOODSP |
| 005 | 20240228150755 |
| 006 | m o d f |
| 007 | cr cn||||||||| |
| 008 | 210621t20212021quca o f000 0 fre d |
| 020 | |a9780660393223 |
| 040 | |aCaOODSP|bfre|erda|cCaOODSP |
| 043 | |an-cn--- |
| 086 | 1 |aEm20-150/2021F-PDF |
| 245 | 00|aPlan de mise en œuvre fédéral du Canada pour le Programme 2030 : |bObjectifs de développement durable. |
| 264 | 1|a[Gatineau, Québec] : |bGouvernement du Canada = Government of Canada, |c[2021] |
| 264 | 4|c©2021 |
| 300 | |a1 ressource en ligne (17 pages) : |billustrations en couleur |
| 336 | |atexte|btxt|2rdacontent/fre |
| 337 | |ainformatique|bc|2rdamedia/fre |
| 338 | |aressource en ligne|bcr|2rdacarrier/fre |
| 500 | |aPublié aussi en anglais sous le titre : Canada's federal implementation plan for the 2030 Agenda : Sustainable Development Goals. |
| 500 | |aPublié par : Emploi et développement social Canada. |
| 500 | |a« EDSC nº de cat. : SP-1241-06-21F. » |
| 500 | |aPublié aussi en format HTML. |
| 610 | 26|aObjectifs du développement durable. |
| 650 | 6|aDéveloppement durable|zCanada|xPlanification. |
| 650 | 6|aDéveloppement durable|xPolitique gouvernementale|zCanada. |
| 710 | 1 |aCanada. |bEmploi et développement social Canada, |eorganisme de publication. |
| 775 | 08|tCanada's federal implementation plan for the 2030 Agenda : |w(CaOODSP)9.900936 |
| 856 | 40|qPDF|s1.47 Mo|uhttps://publications.gc.ca/collections/collection_2021/edsc-esdc/Em20-150-2021-fra.pdf |
| 856 | 4 |qHTML|sS.O.|uhttps://www.canada.ca/fr/emploi-developpement-social/programmes/programme-2030/plan-mise-en-oeuvre-federal.html |